Statistiken für Flaggen, die am meisten Orange beinhalten

Klicken Sie hier um das Quiz zu spielen!

Allgemein

  • Dieses Quiz wurde 1,065 mal gespielt
  • Das Durchschnittsergebnis liegt bei 8 aus 10

Antwortstatistiken

Answer % Korrekt
Irland
98%
Indien
97%
Zypern
96%
Bhutan
88%
Elfenbeinküste
81%
Sri Lanka
81%
Armenien
73%
Niger
60%
Marshallinseln
53%
Sambia
49%

Verteilung der Resultate

Perzentil nach korrekt beantworteten Fragen

Anzahl Personen mit jedem Resultat

Ihre Resultats-Entwicklung

Sie haben dieses Quiz noch nicht gespielt